00580nam a2200145Ia 4500008004100000245013200041260002400173260000900197300000800206650002300214650001200237856009300249999001900342952007300361170516s9999 xx 000 0 und d aVisualization of blood supply route to the reconstructed stomach by indocyanine green fluorescence imaging during esophagectomy bBMC Medical Imaging c2014 a14: xMedical Technology xMedtech uhttp://bmcmedimaging.biomedcentral.com/articles?query=&volume=14&searchType=&tab=keyword c330920d330920 001040aCLbCLd2017-05-16l0r2017-05-16 00:00:00w2017-05-16yFOJ